China : (Record no. 6190)

MARC details
000 -LEADER
fixed length control field 01453cam a2200217 4500
001 - CONTROL NUMBER
control field 7266
005 - DATE AND TIME OF LATEST TRANSACTION
control field 20181127183254.0
008 - FIXED-LENGTH DATA ELEMENTS--GENERAL INFORMATION
fixed length control field 021129s2003 enka b 001 0 eng
020 ## - INTERNATIONAL STANDARD BOOK NUMBER
International Standard Book Number 0273663216
082 04 - DEWEY DECIMAL CLASSIFICATION NUMBER
Classification number 338.951
Edition number 21
100 1# - MAIN ENTRY--PERSONAL NAME
Personal name Story, Jonathan
245 10 - TITLE STATEMENT
Title China :
Remainder of title the race to market : what China's transformation means for business, markets and the new world order /
Statement of responsibility, etc. Jonathan Story
260 ## - PUBLICATION, DISTRIBUTION, ETC.
Place of publication, distribution, etc. London ;
-- New York :
Name of publisher, distributor, etc. Financial Times Prentice Hall,
Date of publication, distribution, etc. 2003
300 ## - PHYSICAL DESCRIPTION
Extent xxiii, 277 p. :
Other physical details ill. ;
Dimensions 24 cm
504 ## - BIBLIOGRAPHY, ETC. NOTE
Bibliography, etc. note Includes bibliographical references and index
505 ## - FORMATTED CONTENTS NOTE
Formatted contents note 1. China's curse: to live in exciting times 2. China and the USA: ineluctable partners or rivals? 3. The land of the rising dragon: China's economic growth 4. Riding the tiger: China's economic policy reform 5. Feeling the stones as you cross the river: China's political policy 6. Applying the Dracula principle: China joins the WTO 7. Keeping it in the family: corporate reform in China 8. Getting China right: the multinational experience 9. China in the twenty-first century.
520 ## - SUMMARY, ETC.
Summary, etc. Providing a guide to the possibilities for the development of China, this text covers issues such as Sino-American relations, entry to the World Trade Organisation, the state-market relationship, internal reform, and also the history of China where necessary
650 #0 - SUBJECT ADDED ENTRY--TOPICAL TERM
Topical term or geographic name entry element Economic forecasting
Geographic subdivision China
651 #0 - SUBJECT ADDED ENTRY--GEOGRAPHIC NAME
Geographic name China
Holdings
Withdrawn status Lost status Source of classification or shelving scheme Damaged status Not for loan Collection code Home library Current library Shelving location Serial Enumeration / chronology Inventory number Total Checkouts Full call number Barcode Date last seen Price effective from Koha item type
    Dewey Decimal Classification     Main TEST RTC Library RTC Library Main opac 11224   338.9 STO 30010421 27/11/2018 27/11/2018 Main
Royal Thimphu College || All Right Reserved